| 000 | 00683npc a2200241Ia 4500 | ||
|---|---|---|---|
| 001 | dg25-28060 [d000003265] | ||
| 003 | IT-MiCISF | ||
| 008 | 161014s9999||||xx | und|| | ||
| 040 |
_aIT-MiCISF _cIT-MiCISF |
||
| 041 | _aen | ||
| 100 | _aKlein Renate | ||
| 240 | _aRU486. Misconceptions, Myths and Morals | ||
| 245 | 0 | _aRU486. Misconceptions, Myths and Morals | |
| 250 | _a1a ed. | ||
| 260 |
_a Dhaka (Bangladesh) _bNarigrantha Prabartana _c1991 |
||
| 300 | _app. 151 | ||
| 500 | _a / contraccezione, aborto-chimico, salute / | ||
| 650 | _aaborto | ||
| 700 | _aDumble Lynette J. | ||
| 700 | _aRaymond Janice G. | ||
| 942 | _cDD | ||
| 957 | _71 | ||
| 999 |
_a28060 _bsi _g1 _c207697 _d207697 |
||